| 000 | 01125nam a2200265Ia 4500 | ||
|---|---|---|---|
| 999 |
_c65316 _d65316 |
||
| 005 | 20240530110818.0 | ||
| 008 | 140319s2005 au a f b 000 0 ara d | ||
| 017 |
_a2005/16089 _bمصر. دار الكتب |
||
| 017 |
_a2005/16090 _bمصر. دار الكتب |
||
| 040 |
_aGCL / _cGCL |
||
| 082 | 0 | 4 |
_221 _a725.18 / _bم ع |
| 100 | 1 | _aمالدونادو ، باسيليو بابون | |
| 245 | 1 | 2 |
_aالعمارة فى الاندلس : _bعمارة المدن والحصون / _cباسيليو بابون مالدونادو ؛ ترجمة على ابراهيم منوفى ؛ تقديم ومراجعة محمد حمزة الحداد |
| 250 | _aط.1 | ||
| 260 |
_aالقاهرة : _bالمجلس الاعلى للثقافة، _c2005 . |
||
| 300 |
_a2 مج : _bايض. ؛ _c24 سم. |
||
| 490 | 1 |
_aالمشروع القومى للترجمة ؛ _v853 _v854 |
|
| 650 | 0 | 7 |
_aالعمارة _2qrmak |
| 650 | 0 | 7 |
_aالحصون _2qrmak |
| 650 | 0 | 7 |
_aعمارة المدن _2qrmak |
| 650 | 0 | 7 |
_aالعمارة الاسلامية _2qrmak |
| 651 | _2qrmak | ||
| 942 |
_2ddc _cBK |
||